01187nab a22002057a 4500003000400000005001700004008004100021040000700062100003100069245013200100300001500232500003600247505030400283505016100587650002300748650001500771650001700786650002900803773014900832OSt20260120234655.0190514b xxu||||| |||| 00| 0 spa d cPJ aAuberge, Julieta Michelle 13aLa importancia de los vínculos y la escucha de los y las adolescentes en los procesos adoptivos /cJulieta Michelle Auberge.  ap. 145-153 aCita: TR LALEY AR/DOC/254/2024. aSumario: I. Palabras introductorias.— II. Antecedentes del caso.— III. La importancia de los vínculos para la construcción de identidades.— IV. El efecto pleno en la adopción por integración.— V. La voz de A. en el proceso y la importancia de su consentimiento.— VI. Conclusión.  tFallo comentado: JCiv. y Com., Conciliación y Familia, Huinca Renancó ~ 05/06/2023 ~ G. C. H., A. s/ adopción simple — adopción por integración. 0aDERECHO DE FAMILIA 0aADOPCIÓN 0aADOLESCENTES 0aJURISPRUDENCIA APLICABLE0 02844dBuenos Aires : AbeledoPerrot, 1989-tDerecho de familia. Revista Interdisciplinaria de doctrina y jurisprudencia. Abril 2024-II.z18511201